The lease-licence distinction. Again? (Record no. 69002)
[ view plain ]
| 000 -LEADER | |
|---|---|
| fixed length control field | 01200cam a2200265 4500 |
| 001 - CONTROL NUMBER | |
| control field | ABS64814 |
| 008 - FIXED-LENGTH DATA ELEMENTS--GENERAL INFORMATION | |
| fixed length control field | 011204n2001 000 0 eng u |
| 035 ## - SYSTEM CONTROL NUMBER | |
| System control number | (Sirsi) u115834 |
| 100 ## - MAIN ENTRY--PERSONAL NAME | |
| Personal name | Wilkinson, H. W. |
| 245 #4 - TITLE STATEMENT | |
| Title | The lease-licence distinction. Again? |
| 260 ## - PUBLICATION, DISTRIBUTION, ETC. | |
| Date of publication, distribution, etc. | 2001 |
| 490 ## - SERIES STATEMENT | |
| Series statement | NLJ Practitioner |
| Volume/sequential designation | 151(700) 12 October 2001, 1489-1491(3) |
| 520 ## - SUMMARY, ETC. | |
| Summary, etc. | Comments that there are still agreements in operation which were made before the definitive decision of the House of Lords in "Street v Mountford" (1985) helped to set out the main characteristics of a lease. An example of this is found in "National Car Parks Ltd v Trinity Development Co (Banbury) Ltd" (2001). Also discusses earlier cases prior to the decision in "Street v Mountford" case. |
| 590 ## - LOCAL NOTE (RLIN) | |
| Local note | ABS |
| 650 ## - SUBJECT ADDED ENTRY--TOPICAL TERM | |
| Topical term or geographic name entry element | NATIONAL CAR PARKS LTD V TRINITY DEVELOPMENT CO (BANBURY) LTD |
| 650 ## - SUBJECT ADDED ENTRY--TOPICAL TERM | |
| Topical term or geographic name entry element | STREET V MOUNTFORD |
| 650 ## - SUBJECT ADDED ENTRY--TOPICAL TERM | |
| Topical term or geographic name entry element | LEASES |
| 650 ## - SUBJECT ADDED ENTRY--TOPICAL TERM | |
| Topical term or geographic name entry element | AGREEMENTS |
| 650 ## - SUBJECT ADDED ENTRY--TOPICAL TERM | |
| Topical term or geographic name entry element | BUSINESS TENANCIES |
| 650 ## - SUBJECT ADDED ENTRY--TOPICAL TERM | |
| Topical term or geographic name entry element | LANDLORD AND TENANT ACT 1954 |
| 650 ## - SUBJECT ADDED ENTRY--TOPICAL TERM | |
| Topical term or geographic name entry element | PROPERTY-RESIDENTIAL PROPERTY-RESIDENTIAL LANDLORD AND TENANT-RESIDENTIAL TENANCIES |
| 650 ## - SUBJECT ADDED ENTRY--TOPICAL TERM | |
| Topical term or geographic name entry element | LICENCES |
| 690 ## - LOCAL SUBJECT ADDED ENTRY--TOPICAL TERM (OCLC, RLIN) | |
| Topical term or geographic name as entry element | LANDLORD AND TENANT-LEASES |
| 942 ## - ADDED ENTRY ELEMENTS (KOHA) | |
| Suppress in OPAC | 0 |
| Withdrawn status | Lost status | Source of classification or shelving scheme | Damaged status | Not for loan | Home library | Current library | Shelving location | Date acquired | Total Checkouts | Full call number | Barcode | Date last seen | Copy number | Price effective from | Koha item type |
|---|---|---|---|---|---|---|---|---|---|---|---|---|---|---|---|
| Dewey Decimal Classification | London | London | Journal article | 04/12/2001 | ABS64814 | 115834-1001 | 06/08/2019 | 1 | 06/08/2019 | Journal article |